Catálogo
 En Linea

Así es la vida, Carlota / (Registro nro. 39783)

Detalles MARC
000 -CABECERA
campo de control de longitud fija 00585nam a2200205 a 4500
001 - NÚMERO DE CONTROL
campo de control 000040293
005 - FECHA Y HORA DE LA ÚLTIMA TRANSACCIÓN
campo de control 20201002034034.0
008 - DATOS DE LONGITUD FIJA--INFORMACIÓN GENERAL
campo de control de longitud fija 130821s1993 sp 000 0 spa d
020 ## - NÚMERO INTERNACIONAL ESTÁNDAR DEL LIBRO
Número Internacional Estándar del Libro 8434831007
040 ## - FUENTE DE LA CATALOGACIÓN
Centro catalogador/agencia de origen DO-SdBNP
Lengua de catalogación spa
Centro/agencia transcriptor BNPHU
100 1# - ENTRADA PRINCIPAL--NOMBRE DE PERSONA
Nombre de persona Lienas, Gemma
9 (RLIN) 66575
240 10 - TÍTULO UNIFORME
Título uniforme Així és la vida, Carlota
Lenguaje de la obra Español
245 10 - MENCIÓN DE TÍTULO
Título Así es la vida, Carlota /
Mención de responsabilidad, etc. Gemma Lienas.
250 ## - MENCIÓN DE EDICIÓN
Mención de edición 6a ed.
260 ## - PUBLICACIÓN, DISTRIBUCIÓN, ETC.
Lugar de publicación, distribución, etc. Madrid :
Nombre del editor, distribuidor, etc. Ediciones SM,
Fecha de publicación, distribución, etc. 1993.
300 ## - DESCRIPCIÓN FÍSICA
Extensión 154 p. ;
Dimensiones 22 cm.
490 1# - MENCIÓN DE SERIE
Mención de serie Gran Angular
500 ## - NOTA GENERAL
Nota general Traducido del idioma catalán
830 #0 - PUNTO DE ACCESO ADICIONAL DE SERIE-TÍTULO UNIFORME
Título uniforme Gran Angular
9 (RLIN) 26464
Existencias
Estado de retiro Estado de pérdida Restricciones de uso No para préstamo Código de colección Localización permanente Ubicación/localización actual Ubicación en estantería Fecha de adquisición Número de inventario Total de préstamos Signatura topográfica completa Código de barras Fecha visto por última vez Precio válido a partir de Tipo de ítem Koha
        Monografías: Libros y Folletos General General En catalogación 21.08.2013 LF1   40293-10 25.06.2020 25.06.2020 Préstamo en sala

Con tecnología Koha